000 00502nam a2200193Ia 4500
005 20230610101844.0
008 131103s9999 xx 000 0 und d
020 _a571108741
040 _aLoreto College
041 _aEnglish
082 _a809
_bELI
100 _aEliot, T.S.
245 _aTo criticize the critic
_b and oher writings
_cT.S. Eliot
260 _aLondon
_bFaber and Faber
_c1965
300 _a189p
650 _aLiterature-Criticism and History
850 _aLCLIB
942 _cBK
999 _c36413
_d86892